Rome et La Judée au temps de la chute de Néron, ans 66-72 après Jésus-Christ / (Record no. 48137)

MARC details
000 -LEADER
campo de control de longitud fija 00520nam a22001575i 4500
001 - NÚMERO DE CONTROL
campo de control 48137
003 - IDENTIFICADOR DE NÚMERO DE CONTROL
campo de control ES-MaACL
007 - CAMPO FIJO DE DESCRIPCIÓN FÍSICA--INFORMACIÓN GENERAL
campo de control de longitud fija t|
008 - DATOS DE LONGITUD FIJA--INFORMACIÓN GENERAL
campo de control de longitud fija 950706s1858 fr ab ||||1| fre d
040 ## - FUENTE DE CATALOGACIÓN
Centro catalogador/agencia de origen CAM
Lengua de catalogación spa
Centro/agencia transcriptor CAM
100 1# - ENTRADA PRINCIPAL--NOMBRE DE PERSONA
Nombre de persona Champagny, Franz de.
9 (RLIN) 37909
245 10 - MENCIÓN DEL TÍTULO
Título Rome et La Judée au temps de la chute de Néron, ans 66-72 après Jésus-Christ /
Mención de responsabilidad, etc. par le Cte. Franz de Champagny.
260 ## - PUBLICACIÓN, DISTRIBUCIÓN, ETC.
Lugar de publicación, distribución, etc. Paris :
Nombre del editor, distribuidor, etc. Jacques Lecoffre et Cie,
Fecha de publicación, distribución, etc. 1858.
300 ## - DESCRIPCIÓN FÍSICA
Extensión VIII, 548 p., [1] h. de map. ;
Dimensiones 21 cm.
852 ## - LOCALIZACIÓN
Ubicación ES-MaACL
Número de control de estantería G-13004
Holdings
Estatus retirado Estado de pérdida Estado de daño No para préstamo Colección Biblioteca de origen Biblioteca actual Ubicación en estantería Fecha de adquisición Fuente de adquisición Total de préstamos Signatura topográfica completa Código de barras Visto por última vez Precio de reemplazo Tipo de ítem Koha
        Libros del s. XIX Biblioteca del Ateneo de Madrid Biblioteca del Ateneo de Madrid Sala Pecera Planta 3 17/01/2008     G-13004 1050663 23/02/2023 23/02/2023 Libro impreso antiguo